| 000 | 00683cab a2200229 4500 | ||
|---|---|---|---|
| 001 | WB3414-21 | ||
| 008 | 090401t1998 xxu||||| |||| 00| 0 eng d | ||
| 035 | _a(Sirsi) u85515 | ||
| 041 | _aeng | ||
| 245 | _aDealing in peppercorns | ||
| 260 | _c1998 | ||
| 350 | _a0 | ||
| 490 |
_aFinancial Times _v`Weekend` 4&5 April 1998, XV(1) |
||
| 520 | _aLooks at how Grosvenor Estate is increasing its property values by offering peppercorn ground rents, longer leases and earlier renewal. | ||
| 650 | _aGROSVENOR ESTATE | ||
| 650 | _aGROUND RENTS | ||
| 650 | _aLEASES | ||
| 650 | _aPEPPERCORN RENT | ||
| 690 | _aPROPERTY-LANDLORD AND TENANT | ||
| 942 | _n0 | ||
| 948 | _c08/04/1998 | ||
| 999 |
_c53777 _d53777 |
||